000 00935amm a2200265 4500
008 201007s2020 o cat d
041 _acat
041 _beng
041 _bspa
080 _a616-07(038)
110 _aUniversitat de Barcelona. Facultat de Medicina. Comissió de Normalització Lingüística
_967659
245 _aVocabulari de semiologia
_h[en línia]
_cComissió de Dinamització Lingüística de la Facultat de Medicina i Ciències de la Salut. Universitat de Barcelona
250 _a2a ed.
260 _aBarcelona
_bUniversitat de Barcelona. Serveis Lingüístics
_c2020
500 _aCategoria gramatical, sinònims
520 _a669
592 _aObra terminològica
593 _aEC
650 _asimptomatologia
_964635
856 _uhttps://www.ub.edu/ubterm/obra/semiologia/
901 _c<2020>
902 _a201007
942 _cMO
_n0
_2ddc
999 _c68366
_d68366